| 000 | 00459nam a2200145Ia 4500 | ||
|---|---|---|---|
| 008 | 230917s9999||||xx |||||||||||||| ||und|| | ||
| 040 |
_e187048 _aMAIN |
||
| 041 | _aEnglish | ||
| 082 | _a301.426 I8N | ||
| 100 | _aInternational Institute for Population Sciences | ||
| 245 | 0 | _aNational family health survey (NFHS-2) India 1998-99: Madhya Pradesh | |
| 260 |
_aBombay _bInternational Institute for Population Sciencees _c2001 |
||
| 300 | _a338 p. | ||
| 942 | _cBK | ||
| 999 |
_c87838 _d87838 |
||